Mercados de divisas y mercados de dinero: operaciones de moneda nacionales y extranjeras / Heinz Riehl (Registro nro. 1620)
[ vista simple ]
| 000 -LEADER | |
|---|---|
| fixed length control field | 00597nam a22002171a 4500 |
| 001 - CONTROL NUMBER | |
| control field | 1620 |
| 003 - CONTROL NUMBER IDENTIFIER | |
| control field | OSt |
| 005 - DATE AND TIME OF LATEST TRANSACTION | |
| control field | 20260204211740.0 |
| 008 - FIXED-LENGTH DATA ELEMENTS--GENERAL INFORMATION | |
| fixed length control field | 040120s1990||||sp ||||||b||||||||||spa|| |
| 020 ## - NUMERO DE LIBRO INTERNACIONAL NORMALIZADO | |
| International Standard Book Number | 8476051549 |
| 050 ## - LIBRARY OF CONGRESS CALL NUMBER | |
| Classification number | 330.122 R442m |
| 082 ## - DEWEY DECIMAL CLASSIFICATION NUMBER | |
| Classification number | 330.122 R442m |
| 100 ## - ASIENTO PRINCIPAL -- NOMBRE PERSONAL | |
| Personal name | Riehl, Heinz |
| 245 ## - TÍTULO PROPIAMENTE DICHO: SUBTÍTULO | |
| Title | Mercados de divisas y mercados de dinero: operaciones de moneda nacionales y extranjeras / Heinz Riehl |
| 264 ## - PRODUCTION, PUBLICATION, DISTRIBUTION, MANUFACTURE, AND COPYRIGHT NOTICE | |
| Place of production, publication, distribution, manufacture | España : McGraw-Hill |
| 300 ## - PHYSICAL DESCRIPTION | |
| Extensión | 511 p. |
| 500 ## - GENERAL NOTE | |
| General note | Incluye indice |
| 650 ## - ASIENTO SECUNDARIO DE MATERIA -- TERMINO TEMÁTICO | |
| Termino Temático Como Elemento de Entrada | 1.Economía de Mercados |
| 700 ## - ASIENTO SECUNDARIO -- NOMBRE PERSONAL | |
| Personal name | Rodríguez, Rita M.Ì |
| 942 ## - ADDED ENTRY ELEMENTS (KOHA) | |
| Source of classification or shelving scheme | Dewey Decimal Classification |
| Koha item type | Libros |
| Withdrawn status | Lost status | Source of classification or shelving scheme | Damaged status | Not for loan | Current library | Date acquired | Full call number | Barcode | Date last seen | Price effective from | Koha item type | Total Checkouts | Date last checked out |
|---|---|---|---|---|---|---|---|---|---|---|---|---|---|
| Dewey Decimal Classification | Descartado para donación | Biblioteca UTECO | 09/09/2019 | 330.122 R442M | 002520 | 09/09/2019 | 09/09/2019 | Libros | |||||
| Dewey Decimal Classification | Biblioteca UTECO | 09/09/2019 | 330.122 R442M | 002521 | 09/09/2019 | 09/09/2019 | Libros | ||||||
| Dewey Decimal Classification | Biblioteca UTECO | 09/09/2019 | 330.122 R442M | 002522 | 09/09/2019 | 09/09/2019 | Libros | ||||||
| Dewey Decimal Classification | Descartado para donación | Biblioteca UTECO | 09/09/2019 | 330.122 R442M | 002523 | 09/09/2019 | 09/09/2019 | Libros | |||||
| Dewey Decimal Classification | Descartado para donación | Biblioteca UTECO | 09/09/2019 | 330.122 R442M | 002524 | 12/07/2022 | 09/09/2019 | Libros | 1 | 12/07/2022 |
